|
|
|
|
| LEADER |
00000caa a22000002c 4500 |
| 001 |
1525784625 |
| 003 |
DE-627 |
| 005 |
20220604104508.0 |
| 007 |
tu |
| 008 |
160223s2000 xx ||||| 00| ||ger c |
| 020 |
|
|
|a 3927760412
|
| 035 |
|
|
|a (DE-627)1525784625
|
| 035 |
|
|
|a (DE-576)455784620
|
| 035 |
|
|
|a (DE-599)BSZ455784620
|
| 040 |
|
|
|a DE-627
|b ger
|c DE-627
|e rakwb
|
| 041 |
|
|
|a ger
|
| 100 |
1 |
|
|a Pütter, Norbert
|d 1956-
|0 (DE-588)120557584
|0 (DE-627)080746330
|0 (DE-576)165401117
|4 aut
|
| 109 |
|
|
|a Pütter, Norbert 1956-
|
| 245 |
1 |
0 |
|a Präventionsräte und Sicherheitspartnerschaften - eine Zwischenbilanz
|c Norbert Pütter
|
| 264 |
|
1 |
|c 2000
|
| 336 |
|
|
|a Text
|b txt
|2 rdacontent
|
| 337 |
|
|
|a ohne Hilfsmittel zu benutzen
|b n
|2 rdamedia
|
| 338 |
|
|
|a Band
|b nc
|2 rdacarrier
|
| 773 |
0 |
8 |
|i In
|t Kriminalität und Sicherheit
|b 1. Aufl.
|d Berlin : Heinrich-Böll-Stiftung, 2002
|g (2000), Seite 41-51
|h 207 S
|w (DE-627)353824658
|w (DE-576)100962653
|z 3927760412
|7 nnam
|
| 773 |
1 |
8 |
|g year:2000
|g pages:41-51
|
| 935 |
|
|
|a mkri
|
| 951 |
|
|
|a AR
|
| ELC |
|
|
|b 1
|
| LOK |
|
|
|0 000 xxxxxcx a22 zn 4500
|
| LOK |
|
|
|0 001 289923062X
|
| LOK |
|
|
|0 003 DE-627
|
| LOK |
|
|
|0 004 1525784625
|
| LOK |
|
|
|0 005 20251222141336
|
| LOK |
|
|
|0 008 160208||||||||||||||||ger|||||||
|
| LOK |
|
|
|0 040
|a DE-21-110
|c DE-627
|d DE-21-110
|
| LOK |
|
|
|0 689
|a s
|a Präventionsrat
|
| LOK |
|
|
|0 689
|a s
|a Sicherheitspartnerschaften
|
| LOK |
|
|
|0 852
|a DE-21-110
|
| LOK |
|
|
|0 852 1
|m p
|9 00
|
| LOK |
|
|
|0 935
|a k110
|
| LOK |
|
|
|0 938
|k p
|
| LOK |
|
|
|0 939
|a 08-02-16
|b l01
|
| ORI |
|
|
|a SA-MARC-krimdoka001.raw
|